000
00218 a2200097 4500
001
18895
100
_a
Edwards, J
245
_a
Integral calculees for beginners
260
_a
_b
Macmillan & Co
_c
090
_c
13984
_d
13984
942
_a
NUST-CAE
_c
M
_c
4429
999
_c
253968
_d
253968